000 01022nam a2200301 a 4500
001 BRL_1811
005 20190320211358.0
008 050815s1981----mx-a######---#000-0#spa-#
020 _a9688220205
041 _aspa
044 _amx
050 4 _aF1221.L2
_b.B34 1981
100 1 _aBaer, Phillip
_927931
245 1 0 _aLos lacandones de México
_bDos estudios
_cPhillip Baer y William R Merrifield ; traducción de Carmen Viqueira.
250 _a2a ed.
260 _aMéxico
_bInstituto Nacional Indigenista
_c1981
300 _a281 p.
_bil.
_c21 cm.
440 0 _aColección SEP-INI
_pSerie Antropología Social
_vno.15
_927932
500 _aAu2063
500 _aTraducción de: Two studies on the Lacandones of mexico.
504 _aBibliografía: p. 273-275.
650 1 4 _aLacandones
_xVida social y costumbres
_927933
650 1 4 _aIndígenas de México
_xCondiciones sociales
_923211
700 1 _aMerrifield, William R.
_927934
700 1 _aViqueira, Carmen
_etr.
_927935
902 _aGRL
942 _2lcc
_cB
999 _c10619
_d10619